000 00772nam a2200229 a 4500
001 000020362
005 20200929170402.0
008 100805s1996 xxua 000 0 spa d
020 _a0201601222
082 _a005.1
_bB724a, 1996
100 1 _aBooch, Grady.
_93874
245 1 0 _aAnálisis y diseño orientado a objetos con aplicaciones /
_cGrady Booch.
250 _a2a ed.
260 _aEstados Unidos :
_bAddison-Wesley,
_c1996.
300 _a638 p. :
_bil. ;
_c23 cm.
500 _aIncluye índice analítico
500 _aIncluye referencias bibliográficas y notas al pie de las páginas.
504 _aBibliografías : p. 569-622
650 4 _aProgramación (computadores electrónicos)
_93871
650 4 _aAnálisis de sistemas
_943025
999 _c19866
_d19866
040 _aDO-SdBNP